000 00356nam a2200145Ia 4500
008 191201s2006 xx 000 0 und d
082 _a621.8
_bLAT
100 _aLAL, Jagdish
245 0 _aTheory of Mechanism and Machines
250 _a2nd Rep.
260 _aN.Delhi
_bMetropolitan Book
_c2006
300 _a975
650 _aB.Tech(ME)
942 _2ddc
_cBK
999 _c3204
_d3204